Les films ayant reçu une Palme d'or par images - Statistiques

Statistiques générales
  • Ce quiz a été pris 102 fois
  • Le résultat moyen est 21 sur 79
Statistiques - réponses
Par images Hint Réponse % Correct
2013 La Vie d'Adèle
88%
2019 Parasite
88%
2023 Anatomie d'une chute
86%
2002 Le Pianiste
86%
1994 Pulp Fiction
85%
2024 Anora
80%
2021 Titane
70%
2012 Amour
69%
1976 Taxi Driver
69%
1979 Apocalypse Now
57%
1993 La Leçon de piano
55%
2003 Elephant
53%
1984 Paris, Texas
53%
1964 Les Parapluies de Cherbourg
45%
2022 Sans filtre
45%
2025 Un simple accident
44%
1960 La dolce vita
41%
2011 The Tree of Life
41%
1963 Le Guépard
38%
1987 Sous le soleil de Satan
35%
1990 Sailor et Lula
34%
1979 Le Tambour
33%
2008 Entre les murs
31%
2009 Le Ruban blanc
31%
2017 The Square
31%
1991 Barton Fink
30%
2015 Dheepan
30%
2006 Le vent se lève
28%
2016 Moi, Daniel Blake
28%
1974 Conversation secrète
27%
2000 Dancer in the Dark
27%
1997 Le Goût de la cerise
27%
1986 Mission
27%
2018 Une affaire de famille
26%
1993 Adieu ma concubine
23%
2004 Fahrenheit 9/11
23%
1999 Rosetta
23%
2001 La Chambre du Fils
22%
1995 Underground
20%
1980 Kagemusha, l'Ombre du guerrier
19%
2018 Le Livre d'image
19%
1989 Sexe, Mensonges et Vidéo
19%
1970 MASH
17%
2014 Winter Sleep
17%
1967 Blow-Up
16%
2005 L'Enfant
16%
2010 Oncle Boonmee, celui qui se souvient de ses vies antérieures
16%
1966 Un homme et une femme
16%
1983 La Ballade de Narayama
13%
1988 Pelle le Conquérant
13%
1997 L'Anguille
12%
1956 Le Monde du silence
10%
1998 L'Éternité et Un Jour
10%
1959 Orfeu Negro
10%
1985 Papa est en voyage d'affaires
10%
1958 Quand passent les cigognes
10%
1980 Que le spectacle commence
10%
1996 Secrets et Mensonges
10%
1982 Yol, la permission
10%
1969 If....
9%
2007 Quatre mois, trois semaines, deux jours
9%
1961 Viridiana
9%
1972 La classe ouvrière va au paradis
8%
1992 Les Meilleures Intentions
8%
1981 L'Homme de fer
8%
1955 Marty
8%
1982 Missing
8%
1971 Le Messager
7%
1973 L'Épouvantail
7%
1975 Chronique des années de braise
6%
1978 L'Arbre aux sabots
6%
1972 L'Affaire Mattei
5%
1965 Le Knack... et comment l'avoir
5%
1977 Padre padrone
5%
1961 Une aussi longue absence
5%
1973 La Méprise
3%
1966 Ces messieurs dames
2%
1962 La Parole donnée
2%
1957 La Loi du Seigneur
1%
Aucun quiz correspondant
Distribution des résultats
% des personnes avec chaque résultat
Percentile par nombre de réponses
Votre historique - résultats
Vous n’avez pas pris ce quiz